| 000 | 00746nam a22002417a 4500 | ||
|---|---|---|---|
| 001 | 12973 | ||
| 003 | BD-JhCC | ||
| 005 | 20230607183320.0 | ||
| 008 | 230607b2017 b ||||| ||a| 00| 0 b d | ||
| 020 | _a9789848319348 | ||
| 035 | _a(BD-JhCC)12973 | ||
| 040 |
_aBD-JhCC _dBD-JhCC |
||
| 041 | _abengali | ||
| 082 |
_a891.443 _bKAZ 2017 |
||
| 100 | _aকাজল,মঈনুদ্দিন | ||
| 245 |
_aনীলগিরি নীলাচল _cমঈনুদ্দিন কাজল |
||
| 260 |
_aঢাকা : _bরিদম প্রকাশনা সংস্থা ; |
||
| 300 | _a80 p. : | ||
| 600 | _aনীলগিরি নীলাচল | ||
| 650 |
_aBengali Novel _zBangladesh |
||
| 942 |
_2ddc _cBK |
||
| 999 |
_c12973 _d12973 |
||